Oracle 10g developing media rich applications

Integrating Multimedia features in databases in one of the most important new applications in the last 20 years

Na minha lista:
Detalhes bibliográficos
Autor principal: Guros, Larry
Formato: Livro
Idioma:Undetermined
Publicado em: Amsterdam Elsevier digital press 2007
Assuntos:
Tags: Adicionar Tag
Sem tags, seja o primeiro a adicionar uma tag!
Thư viện lưu trữ: Trung tâm Học liệu Trường Đại học Cần Thơ
LEADER 00731nam a2200217Ia 4500
001 CTU_172842
008 210402s9999 xx 000 0 und d
020 |c 65.95 
082 |a 005.75 
082 |b G978 
100 |a Guros, Larry 
245 0 |a Oracle 10g developing media rich applications 
245 0 |c Larry Guros, Lynne Dunckley 
260 |a Amsterdam 
260 |b Elsevier digital press 
260 |c 2007 
520 |a Integrating Multimedia features in databases in one of the most important new applications in the last 20 years 
650 |a Computer software,Phần mềm máy tính 
650 |x Development,Phát triển 
904 |i QHieu 
980 |a Trung tâm Học liệu Trường Đại học Cần Thơ